| 000 | 00555nam a2200205Ia 4500 | ||
|---|---|---|---|
| 008 | 140527s9999 xx 000 0 und d | ||
| 020 | _a9788126145799 | ||
| 050 |
_aQA 76.6 _b.M391 2011 |
||
| 100 | _aMarwah, Harsh | ||
| 245 |
_aOperating System / _cHarsh Marwah. |
||
| 260 |
_aNew Delhi, India : _bAnmol Publications, _cc2011. |
||
| 300 |
_a312 p. : _bill. ; _c21 cm. |
||
| 500 | _aIncludes index. | ||
| 521 | _aIT | ||
| 650 | _aDisk Scheduling | ||
| 650 | _aIO Management | ||
| 650 | _aMemory Management | ||
| 942 |
_kFOR _cBK |
||
| 999 |
_c117502 _d117502 |
||